000 00472cam a22001457a 4500
008 180718b1981 xxu||||| |||| 00| 0 eng d
082 _aI5007 P215
100 _aPareek, Udai
245 _aBehavioural processes in organisations: readings cases instruments
_cby Udai Pareek, T. V. Rao and D.M. Pestonjee
260 _aNew Delhi
_bOxford & IBH
_c1981
300 _a525p
650 _aBehavioural processes-organisations
700 _aPestonjee, D.M.
700 _aRao, T. V.
999 _c428114
_d428114